Fundamentos del entrenamiento de la fuerza. Aplicaión al alto rendimiento deportivo (Registro nro. 83983)
[ vista simple ]
| 000 -ENCABEZADO | |
|---|---|
| Número de control [NR] | 01020nam a22002657a 4500 |
| 008 - DE LONGITUD FIJA DE DATOS DE ELEMENTOS - INFORMACIÓN GENERAL | |
| Elementos de longitud fija [NR] | 130821s1997 sp a gr spa |
| 020 ## - NUMERO INTERNACIONAL NORMALIZADO PARA LIBROS [R] | |
| Número Internacional Normalizado del libro [NR] | 848733038X |
| 040 ## - FUENTE DE CATALOGACION [NR] | |
| Agencia de catalogación original [NR] | Co-BoUCM |
| Idioma de catalogación [NR] | spa |
| 041 00 - CODIGO DE IDIOMA [R] | |
| Código de idioma para texto/pista de sonido o título separado [R] | Español |
| 060 ## - SIGNATURA TOPOGRAFICA DE LA BIBLIOTECA NACIONAL DE MEDICINA (NLM) [R] | |
| Número clasificador [R] | QT 261 |
| Número de ítem [NR] | G635f 2a.ed. |
| -- | 1997 |
| 100 ## - ASIENTO PRINCIPAL--NOMBRE PERSONAL [NR] | |
| Nombre personal [NR] | Gonzlez Badillo, Juan José |
| ID Autoridad | 170643 |
| 245 00 - MENCION DE TITULO [NR] | |
| Título [NR] | Fundamentos del entrenamiento de la fuerza. Aplicaión al alto rendimiento deportivo |
| Parte restante del título [NR] | texto básico del m ster universitario en alto rendimiento deportivo del comité olímpico español y de la universidad autónoma de Madrid |
| Mención de responsabilidad, etc. [NR] | Juan José Gonz lez Badillo |
| 250 ## - MENCION DE EDICION [NR] | |
| Mención de edición [NR] | 2a.ed. |
| 260 ## - PUBLICACION, DISTRIBUCION, ETC. (PIE DE IMPRENTA) [R] | |
| Lugar de publicación, distribución, etc. [R] | Barcelona (España) |
| Nombre del editor, distribuidor, etc. [R] | Inde |
| Fecha de publicación, distribución, etc. [R] | 1997 |
| 300 ## - DESCRIPCION FISICA [R] | |
| Extensión [R] | 321páginas |
| Otros detalles físicos [NR] | ilustraciones |
| 490 ## - MENCION DE SERIE [R] | |
| Mención de serie [R] | [Iniciativas deportivas] |
| 650 04 - ASIENTO SECUNDARIO DE MATERIA - TERMINO TEMATICO [R] | |
| Término temático o nombre geográfico como elemento de entrada [NR] | Deportes |
| 9 (RLIN) | 388 |
| 650 04 - ASIENTO SECUNDARIO DE MATERIA - TERMINO TEMATICO [R] | |
| Término temático o nombre geográfico como elemento de entrada [NR] | Ejercicio físico |
| 9 (RLIN) | 13936 |
| 650 04 - ASIENTO SECUNDARIO DE MATERIA - TERMINO TEMATICO [R] | |
| Término temático o nombre geográfico como elemento de entrada [NR] | Fisioterapia |
| 9 (RLIN) | 15956 |
| 650 04 - ASIENTO SECUNDARIO DE MATERIA - TERMINO TEMATICO [R] | |
| Término temático o nombre geográfico como elemento de entrada [NR] | Fuerza |
| 9 (RLIN) | 16166 |
| 650 04 - ASIENTO SECUNDARIO DE MATERIA - TERMINO TEMATICO [R] | |
| Término temático o nombre geográfico como elemento de entrada [NR] | Músculos |
| 9 (RLIN) | 19969 |
| 650 04 - ASIENTO SECUNDARIO DE MATERIA - TERMINO TEMATICO [R] | |
| Término temático o nombre geográfico como elemento de entrada [NR] | Titulo |
| 9 (RLIN) | 25487 |
| 700 ## - ASIENTO SECUNDARIO - NOMBRE PERSONAL [R] | |
| Nombre personal [NR] | Gorostiaga Ayestar n, Esteban |
| 9 (RLIN) | 170644 |
| 942 ## - ELEMENTOS DE ENTRADA AGREGADOS (KOHA) | |
| Tipo de ítem principal el descrito en 300a | Libro |
| Tema principal | Ciencias de la salud |
| Edición | 2 |
| Parte restante de la signatura top. | G635F |
| Sistema de clasificación | NLM |
| Clasificación | QT 261 |
| Título oculto en OPAC | No |
| Fecha de último préstamo | Total préstamos | Total Renewals | Signatura topográfica | Código de barras | Última vez visto | Volúmen / Fascículo | Ejemplar | Price effective from | Tipo de ítem | Perdido | Sistema de clasificación | Dañado | No prestable | Tipo de ítem específico | Suprimido | Ubicación habitual | Ubicación actual | Localización | Fecha de creación | Forma de adquisición | Costo |
|---|---|---|---|---|---|---|---|---|---|---|---|---|---|---|---|---|---|---|---|---|---|
| 16/09/2019 | 21 | 12 | QT 261 G635F | 200007736 | 12/12/2025 | 2A.ED. 1997 | Ej.1 | 03/02/2013 | Libro | NLM | Libro | Quinta de Mutis | Quinta de Mutis | 1er piso | 28/02/2003 | Donación | 80000.00 |